00585nam a2200193Ia 4500003000400000005001700004008004100021020002200062040000700084041000800091082002400099100005600123245007100179260004800250300001500298365001300313650002500326650004000351OSt20230622154800.0210423s2011 xx 000 0 und d a978-1-4221-3481-8 cAL aeng a658.4063 223bDYEI aDYER (Jeff);GREGERSEN (Hal);CHRISTENSEN (Clayton M) aInnovators DNA: mastering the five skills of disruptive innovators aBostonbHarvard Business Review Pressc2011 avi,296bHB b995cINR aExecutive Management aManagement & Auxiliary Services 650